Antecedentes de la instalación de la inseguridad ciudadana como preocupación prioritaria de la opinión pública

Desde mediados de 1991 asistimos a la instalación en el país del problema de la inseguridad ciudadana, el que apareció asociado a la delincuencia, aunque inicialmente fue planteado vinculado al terrorismo. La constatación por medio de una serie de estudios de opinión pública de la abrupta irrupción...

Full description

Bibliographic Details
Main Author: Hoecker, Loreto
Format: Analitica de revista
Language:Spanish
Published: Santiago, Chile: Universidad Academia de Humanismo Cristiano, 2000.
Subjects:

MARC

LEADER 00000cab a2200000 a 4500
001 041786
003 UAHC_CL
005 20181122202951.0
008 010706b2000 cl 000 spa
952 |0 0  |1 0  |2 ddc  |4 0  |6 REVISTA_DE_LA_ACADEMIA05_00_000000000000000  |7 0  |8 COMP  |9 90481  |a BC  |b BC  |c Hemeroteca  |d 2018-08-23  |l 0  |o REVISTA DE LA ACADEMIA-05/00  |r 2018-08-23 00:00:00  |w 2018-08-23  |y REVA 
999 |c 51040  |d 51040 
040 |a UAHC_CL  |c UAHC_CL  |d UAHC_CL 
100 |a Hoecker, Loreto  |9 4577 
245 1 0 |a Antecedentes de la instalación de la inseguridad ciudadana como preocupación prioritaria de la opinión pública  |c Loreto Hoecker. 
260 |a Santiago, Chile:  |b Universidad Academia de Humanismo Cristiano,  |c 2000. 
300 |a p. 35-49 
500 |a En: Revista de la Academia, No 05, 2000. pp. 35-49. ISSN 07171846. 
520 |a Desde mediados de 1991 asistimos a la instalación en el país del problema de la inseguridad ciudadana, el que apareció asociado a la delincuencia, aunque inicialmente fue planteado vinculado al terrorismo. La constatación por medio de una serie de estudios de opinión pública de la abrupta irrupción desde el inicio de la transición de un sentimiento de inseguridad como uno de los principales problemas de la ciudadanía del cual el gobierno debía dar cuenta, abrió una serie de interrogantes respecto de lo que estaba pasando en el país. 
650 0 |a Opinión pública  |9 4583  |z Chile   |x Aspectos políticos 
650 0 |a Seguridad ciudadana   |9 1607  |z Chile 
856 |3 http://bibliotecadigital.academia.cl/handle/123456789/150  |y Disponible en línea (PDF). Biblioteca Digital UAHC 
900 |a REVISTA DE LA ACADEMIA-05/00 
942 |c REVA